Analýza efektívnosti výdavkov na reklamu vybraných slovenských finančných inštitúcií použitím analýzy dátových obalov.

Propagácia výrobku či služby ako neodmysliteľná súčasť politiky komunikačného mixu. Reklamný trh a peňažné prostriedky na propagáciu. Analýza dátových obalov s metódami viacrozmernej štatistickej analýzy. Hodnotenie efektívnosti výdavkov na reklamu vo vybraných finančných inštitúciách na slovenskom...

ver descrição completa

Na minha lista:
Detalhes bibliográficos
Autor principal: Majorová, Martina
Formato: Capítulo de Livro
Idioma:eslovaco
Assuntos:
Tags: Adicionar Tag
Sem tags, seja o primeiro a adicionar uma tag!

MARC

LEADER 00000nla$a2200000$$$4500
001 0110913
005 20221128083132.6
041 0 |a slo 
044 |a SK 
245 1 0 |a Analýza efektívnosti výdavkov na reklamu vybraných slovenských finančných inštitúcií použitím analýzy dátových obalov.  |c Martina Majorová 
520 |a Propagácia výrobku či služby ako neodmysliteľná súčasť politiky komunikačného mixu. Reklamný trh a peňažné prostriedky na propagáciu. Analýza dátových obalov s metódami viacrozmernej štatistickej analýzy. Hodnotenie efektívnosti výdavkov na reklamu vo vybraných finančných inštitúciách na slovenskom trhu. Reklama v médiách a výkonnostné ukazovatele bánk a poisťovní. 
610 2 0 |a reklama 
610 2 0 |a banky 
610 2 0 |a poisťovne 
610 2 0 |a propagácia 
610 2 0 |a mix komunikačný 
610 2 0 |a modely stochastické 
610 2 0 |a modely input-output 
100 1 |a Majorová, Martina